Normal view
MARC view
- Southampton Record Society
Entry Corporate Name
001 - CONTROL NUMBER
- control field: 5351
003 - CONTROL NUMBER IDENTIFIER
- control field: SIRSI
005 - DATE AND TIME OF LATEST TRANSACTION
- control field: 20190806150242.0
008 - FIXED-LENGTH DATA ELEMENTS
- fixed length control field: 070917n| acannaabn |n ana d
040 ## - CATALOGING SOURCE
- Original cataloging agency: OSt
- Transcribing agency: OSt
110 2# - HEADING--CORPORATE NAME
- Corporate name or jurisdiction name as entry element: Southampton Record Society
670 ## - SOURCE DATA FOUND
- Source citation: Maps and plans of old Southampton [cartographic material], 1907